000 00232nam a22000977a 4500
100 _aRani Jose
245 _aThaikalile parswamukulangal murichu maattanam
260 _bRubber, 699(August): 2024.
300 _bMalayalam
942 _cJS
999 _c75334
_d75334